Statistics for Countries most reliant on nuclear energy

Click here to take the quiz!

General Stats

  • This quiz has been taken 20 times
  • The average score is 10 of 15

Answer Stats

%of all energyAnswer% Correct
78.3France
94%
20.9Spain
89%
43.0Ukraine
83%
58.9Slovakia
78%
53.4Hungary
72%
41.8Sweden
72%
37.1Slovenia
72%
35.6Czech Republic
72%
32.9Bulgaria
72%
19.8Romania
72%
34.7Finland
67%
28.9South Korea
61%
39.5Switzerland
56%
47.2Belgium
50%
30.6Armenia
33%

Score Distribution

Percentile by Number Answered

Percent of People with Each Score

Your Score History

You have not taken this quiz